| 000 | 01054cam a22002651i 4500 | ||
|---|---|---|---|
| 003 | SA-RiAUC | ||
| 005 | 20240917081655.0 | ||
| 008 | 240916s2002 jo g b 00000 ara c | ||
| 040 |
_aSA-RiAUC _bara _cSA-RiAUC _erda |
||
| 043 | _aa-su--- | ||
| 082 | 0 | 4 |
_a810.92 _qSA-RiAUC _bن و ا |
| 100 | 1 |
_aنواصرة، راضي، _d1942- _eمؤلف. |
|
| 245 | 1 | 0 |
_aأثر فتح مكة في أدب صدر الإسلام / _cراضي نواصرة. |
| 250 | _aالطبعة الأولى. | ||
| 264 | 1 |
_aإربد، الأردن : _bمؤسسة حمادة للدراسات الجامعية والنشر والتوزيع، _c2002 |
|
| 300 |
_a377 صفحة ؛ _c24 سم |
||
| 336 |
_aنص _btxt _2rdacontent _3كتاب |
||
| 337 |
_aبدون وسيط _bn _2rdamedia |
||
| 338 |
_aمجلد _bnc _2rdacarrier |
||
| 504 | _aببليوجرافية : صفحة 361-377. | ||
| 650 | 7 |
_aفتح مكة _2aucsh |
|
| 650 | 7 |
_aالأدب العربي _xتاريخ ونقد _yعصر صدر الإسلام _2aucsh |
|
| 942 |
_2ddc _cBOOK |
||
| 949 |
_aSA-JeALM _d240916 _umohamedma123 _n1 |
||
| 999 |
_c369 _d369 |
||